000 00280nam a22001097a 4500
008 170116b xxu||||| |||| 00| 0 eng d
020 _a9780805380514
041 _aeng
080 _25TH
_a618.2
245 _aCONTEMPORARY MATERNAL-NEWBORN NURSING CARE
_cLADEWIG, P.W
942 _2udc
_cBK
999 _c2917
_d2917